003550000a22001450004500060000800000082001600008100001500024245002800039260003000067260000900097300000800106490002400114490002100138650005000159 a100 a630.685 GUN aGunston, J aHow to run a small farm a London, Methuen & co ltd c1948 a230 a7cHome study books aHome study books aAgriculture/ Farm Management/ Farm- marketing